Score 0/15 Timer 03:00
9 Plays Today
% Correct
but when you take him for a car ride, he sticks his head out the window?
95.7%
but 'panties' plural?
95.4%
when babies wake up every two hours?
95.3%
come in a square box?
95.1%
where's that extra penny going?
94.8%
before they are considered 'assassinated' instead of just 'murdered'?
94.2%
did cured ham actually have?
93.7%
but you're on TV?
93.4%
% Correct
why can't he fix a hole in a boat?
93.1%
underwater?
92%
before we put wheels on luggage?
91.8%
do the rest of the time?
91.5%
drive in the carpool lane?
90.8%
why didn't he just buy dinner?
87.5%
why is there a stupid song about him?
87.2%
Remove Ads.
Support Sporcle.
Get the best of Sporcle when you Go Orange. This ad-free experience offers more features, more stats, and more fun while also helping to support Sporcle. Thank you for becoming a member.

You're not logged in!

Compare scores with friends on all Sporcle quizzes.
OR
Log In

Show Comments

Extras

Top Quizzes Today


Score Distribution

Your Account Isn't Verified!

In order to create a playlist on Sporcle, you need to verify the email address you used during registration. Go to your Sporcle Settings to finish the process.

Report this User

Report this user for behavior that violates our Community Guidelines.

Details: